000 02437nkm0a2200445 4500
001 RU\NLR\BIBL_A\022632315
005 20260408142906.0
035 _a(NLR Aleph) 022632315
090 _a13465882
_c13465882
100 _a20250926d1917 u y0rusy50 ca
101 0 _arus
102 _aRU
116 _aiiycxx bf ad
135 _acrcn 024anaba
181 0 _ab4
_bxb2e
182 0 _an
200 1 _aЗабубенная головушка
_eдрама в 5-ти частях по Карееву
_eпостановка А. И. Иванова-Гай
_eпри участии: арт. театра Незлобина Л. Е. Лопухина, Субботина, Триденской и др
_eА. Г. Талдыкин, Москва
_e[плакат]
203 _aИзображение
_bнеподвижное
_bдвухмерное
_bвизуальное
_cнепосредственное
210 _aМосква
_cТипо-литография Евгения Патриарка
_d[1917]
215 _a1 л.
_cхромолитогр.
_d109,5х70,9
300 _aНа изобр. внизу факс. подп. худ.: "А. Талдыкин"
325 _aКопия доступна в Электрон. б-ке РНБ
606 1 _aКиноплакат русский
_z1908 - 1919
_92508567
_3RU\NLR\AUTH\6601702435
686 _aЩ153(2Р=Рус)53-465
700 1 _4040
_7ca
_8rus
_aТалдыкин
_bА. А.
_f1896-1965
_gАлександр Алексеевич
_3RU\NLR\AUTH\770284621
_92677683
712 0 0 _4610
_aПатриарка,
_gЕвгений,
_hтиполитография
_cМосква
_3RU\NLR\AUTH\880631520
_92678707
712 0 2 _4570
_a"Талдыкин А. Г. и К°", торговый дом
_cМосква
_3RU\NLR\AUTH\880631518
_92678705
830 _aДатировка по: https://www.kino-teatr.ru/kino/movie/empire/90006/annot/ (26.09.2025. Коробкина Т. Б.)
852 0 0 _aNLR
_bЭ
_jАфИс900-I/З-128
_mЭаф14719
856 0 _uhttps://vivaldi.nlr.ru/la000070802/view
856 1 _uhttps://vivaldi.nlr.ru/la000070802/cover
856 2 _uhttps://vivaldi.nlr.ru/la000070802/text
942 _cVISUAL
980 _aNB
981 1 7 _a(17) Изографические материалы
_b(17) Плакаты